000 00365 a2200157 4500
001 59020
020 _a9788535626551
040 _cAnchieta - Pituba
100 _aGaldino, Luiz
240 1 0 _aPolicarpo Quaresma das crianças
_lpor
245 1 0 _aPolicarpo Quaresma das crianças
300 _a263
362 0 _a2010
650 4 _aLiteratura juvenil
942 _cBK
999 _c59020
_d59020